[Event "Titled Tuesday intern op 06th Oct"]
[Site "Chess.com INT"]
[Date "2020.10.06"]
[Round "2"]
[White "Panarin, Mikhail"]
[Black "Spyropoulos, Nikolaos"]
[Result "1-0"]
[WhiteElo "2562"]
[BlackElo "2425"]
[PlyCount "99"]
[EventDate "2020.10.06"]
[EventType "swiss (blitz)"]
[EventRounds "10"]
[EventCountry "USA"]
[SourceTitle "CBM 198 Extra"]
[Source "ChessBase"]
[SourceDate "2020.11.30"]
[SourceVersion "1"]
[SourceVersionDate "2020.11.30"]
[SourceQuality "1"]

1. e4 e5 2. Nf3 Nc6 3. Bb5 g6 4. 0-0 Bg7 5. c3 a6 6. Ba4 Nge7 7. d4 exd4 8. cxd4 0-0 9. d5 Na5 10. Nbd2 d6 11. Rb1 b5 12. Bc2 c5 13. b3 Bd7 14. Bb2 Bxb2 15. Rxb2 Nc8 16. Re1 Re8 17. Nf1 Qf6 18. Rb1 Bg4 19. N1d2 Nb6 20. h3 Bxf3 21. Nxf3 Nd7 22. Qd2 Nb7 23. Nh2 h5 24. f4 c4 25. b4 Nb6 26. Nf3 Rac8 27. e5 dxe5 28. fxe5 Qg7 29. Qd4 Nd7 30. Qa7 Rb8 31. e6 Nf6 32. Ne5 fxe6 33. Bxg6 exd5 34. Bxe8 Rxe8 35. Nf3 Nd6 36. Rxe8+ Nfxe8 37. Qxa6 d4 38. Qc6 d3 39. Re1 Qf7 40. Qc5 Kf8 41. Nd2 Qd7 42. Rf1+ Kg7 43. Qxh5 Qe7 44. Qg4+ Kh7 45. Nf3 Qa7+ 46. Kh1 d2 47. Ng5+ Kh6 48. Nf3 Ne4 49. Qf4+ Ng5 50. Qxg5+ 1-0

[Event "Titled Tuesday intern op 25th Aug"]
[Site "Chess.com INT"]
[Date "2020.08.25"]
[Round "10"]
[White "Panarin, Mikhail"]
[Black "Izoria, Zviad"]
[Result "0-1"]
[WhiteElo "2562"]
[BlackElo "2602"]
[PlyCount "56"]
[EventDate "2020.08.25"]
[EventType "swiss (blitz)"]
[EventRounds "10"]
[EventCountry "USA"]
[SourceTitle "CBM 198 Extra"]
[Source "ChessBase"]
[SourceDate "2020.11.30"]
[SourceVersion "1"]
[SourceVersionDate "2020.11.30"]
[SourceQuality "1"]

1. e4 Nc6 2. Nf3 d6 3. d4 Nf6 4. Nc3 g6 5. Bb5 a6 6. Bxc6+ bxc6 7. h3 Bg7 8. 0-0 0-0 9. Re1 Nd7 10. Bg5 f6 11. Be3 e5 12. Qe2 Nb6 13. Rad1 Rb8 14. b3 Qe8 15. Qd2 Be6 16. Bh6 Bxh6 17. Qxh6 a5 18. Nh2 Qe7 19. f4 exd4 20. Rxd4 d5 21. f5 Bxf5 22. Qd2 dxe4 23. g4 c5 24. Rd5 Be6 25. Rxe4 Nxd5 26. Nxd5 Qf7 27. Nf4 Rbe8 28. Qxa5 f5 0-1